Guatemala: Mas de 20 años de traición 1954 - 1979
Uloženo v:
| Hlavní autor: | |
|---|---|
| Médium: | Neznámo |
| Jazyk: | Spanish |
| Vydáno: |
Zona 12, Guatemala :
Editorial Universitaria,
1980.
|
| Témata: | |
| Tagy: |
Přidat tag
Žádné tagy, Buďte první, kdo vytvoří štítek k tomuto záznamu!
|
MARC
| LEADER | 000000000a22000000004500 | ||
|---|---|---|---|
| 001 | 003651 | ||
| 008 | 180202b xxu||||| |||| 00| 0 spa d | ||
| 041 | 0 | |a español | |
| 082 | 0 | 4 | |a 327.730.728 |b T683g |
| 100 | 1 | |a Toriello Garrido, Guillermo | |
| 245 | 1 | 0 | |a Guatemala: |c Guillermo Toriello Garrido. |b Mas de 20 años de traición 1954 - 1979 |
| 260 | 1 | |a Zona 12, Guatemala : |b Editorial Universitaria, |c 1980. | |
| 300 | |a 296 páginas : |b diagramas ; |c 22 cm. | ||
| 500 | |a Biblografia: p. 295-296 | ||
| 650 | 4 | |a GUATEMALA | |
| 650 | 4 | |a RELACIONES EXTERIORES | |
| 650 | 4 | |a ESTADOS UNIDOS | |
| 650 | 4 | |a POLITICA Y GOBIERNO | |
| 650 | 4 | |a 1945-1985 | |
| 650 | 4 | |a CONDICIONES ECONOMICAS | |
| 942 | |c BK |2 ddc | ||
| 999 | |c 10124 |d 10124 | ||
